Sikshadanar kausal aru paddhati (Record no. 8659)

MARC details
000 -LEADER
fixed length control field 00639cam a2200229ua 4500
008 - FIXED-LENGTH DATA ELEMENTS--GENERAL INFORMATION
fixed length control field 160310n ii |||gr||||Z||||||asm
020 ## - INTERNATIONAL STANDARD BOOK NUMBER
International Standard Book Number 9789381784730
040 ## - CATALOGING SOURCE
Transcribing agency MAIN
041 ## - LANGUAGE CODE
-- asm
082 ## - DEWEY DECIMAL CLASSIFICATION NUMBER
Classification number 371.3
100 ## - MAIN ENTRY--PERSONAL NAME
Personal name Chaliha, Beda Kumar,
Relator term
245 1# - TITLE STATEMENT
Title Sikshadanar kausal aru paddhati
Statement of responsibility, etc. by Beda Kumar Chaliha
250 ## - EDITION STATEMENT
Edition statement 3rd ed.
260 ## - PUBLICATION, DISTRIBUTION, ETC.
Place of publication, distribution, etc. Jorhat:
Name of publisher, distributor, etc. Bidya bhawan,
Date of publication, distribution, etc. 2015.
300 ## - PHYSICAL DESCRIPTION
Extent 271p.
700 ## - ADDED ENTRY--PERSONAL NAME
Personal name Saikia, Tarun,
Relator term
700 ## - ADDED ENTRY--PERSONAL NAME
Personal name Saikia, Runu Borah,
Relator term
942 ## - ADDED ENTRY ELEMENTS (KOHA)
Koha item type Books
653 ## - INDEX TERM--UNCONTROLLED
Uncontrolled term Schools & their activities special education
653 ## - INDEX TERM--UNCONTROLLED
Uncontrolled term Methods and techniques of teaching
Holdings
Withdrawn status Lost status Damaged status Not for loan Home library Current library Shelving location Date acquired Total Checkouts Full call number Barcode Date last seen Date last checked out Copy number Price effective from Koha item type
        Central Library, Naharkatiya College Central Library, Naharkatiya College General Stacks 19/09/2020 15 371.3 | CHA 23126 25/11/2025 17/11/2025 1 19/09/2020 Books

Naharkatiya College © 2020. All rights reserved.

Powered By